MARC

LEADER 00000nam0a2200000 4500
001 265549
005 20231101233930.0
035 |a (RuTPU)RU\TPU\book\288550 
090 |a 265549 
100 |a 20140626d1986 km y0rusy50 ca 
101 0 |a rus 
102 |a RU 
105 |a y z 001zy 
200 1 |a Расчеты экономической эффективности организационно-технических мероприятий в машиностроении  |f С. А. Чукин, А. А. Сорокин, А. Ю. Зеленков 
210 |a Москва  |c Машиностроение  |d 1986 
215 |a 184 с. 
320 |a Библиогр.: с. 183-184. 
606 1 |a Машиностроение  |x Экономическая эффективность  |x Технико-экономические показатели  |2 stltpush  |3 (RuTPU)RU\TPU\subj\41436  |9 61227 
610 1 |a экономическая эффективность 
610 1 |a планирование 
610 1 |a организационно-технические мероприятия 
610 1 |a расчеты 
610 1 |a заготовительное производство 
610 1 |a механосборочное производство 
610 1 |a новая техника 
675 |a 621.002:658.5.011.46  |v 3 
700 1 |a Чукин  |b С. А.  |g Сергей Александрович 
701 1 |a Сорокин  |b А. А.  |g Анатолий Алексеевич 
701 1 |a Зеленков  |b А. Ю.  |g Александр Юрьевич 
801 1 |a RU  |b 63413507  |c 20140626 
801 2 |a RU  |b 63413507  |c 20190410  |g RCR 
942 |c BK